Psychológia zdravia a kvality života učiteľa a žiaka
V poslednej dobe narastá počet detí, ktoré v sebe nesú prvky narcistickej poruchy osobnosti. Tieto prvky predstavujú rovnako pre učiteľa, ako aj pre žiaka ťažké úskalia adjustácie v školskom prostredí. Pojem narcizmus, pohľad na narcistickú poruchu osobnosti. Príznaky narcistickej poruchy osobnosti....
Salvato in:
| Autore principale: | |
|---|---|
| Natura: | Capitolo di libro |
| Lingua: | slovacco |
| Soggetti: | |
| Tags: |
Nessun Tag, puoi essere il primo ad aggiungerne!!
|
MARC
| LEADER | 00000naa a2200000 4500 | ||
|---|---|---|---|
| 001 | 0240888 | ||
| 005 | 20180306094023.3 | ||
| 041 | 0 | |a slo | |
| 044 | |a SK | ||
| 245 | 1 | 0 | |a Psychológia zdravia a kvality života učiteľa a žiaka |c Tatiana Soroková |
| 520 | |a V poslednej dobe narastá počet detí, ktoré v sebe nesú prvky narcistickej poruchy osobnosti. Tieto prvky predstavujú rovnako pre učiteľa, ako aj pre žiaka ťažké úskalia adjustácie v školskom prostredí. Pojem narcizmus, pohľad na narcistickú poruchu osobnosti. Príznaky narcistickej poruchy osobnosti. Diagnostika a terapia narcistickej poruchy osobnosti. Osobnostný test zameraný na samoľúbosť. | ||
| 610 | 2 | 0 | |a hygiena duševná |
| 610 | 2 | 0 | |a psychológia pedagogická |
| 610 | 2 | 0 | |a učitelia |
| 610 | 2 | 0 | |a žiaci |
| 610 | 2 | 0 | |a kvalita života |
| 100 | 1 | |a Soroková, Tatiana | |